00321 a2200133 4500001000700000020001800007040001100025100002800036240005000064245004500114300000700159362000900166440001200175170437 a85-16-04588-9 cMagnum aPereira, Lygia da Veiga10aSequenciaram o genoma humano... e agora?lpor10aSequenciaram o genoma humano... e agora? a950 a2005 1aModerna